书目信息 |
| 题名: |
西方美术史上的经典
|
|
| 作者: | 王兴吉 , 张奇典 编著 | |
| 分册: | 风景 | |
| 出版信息: | 长春 吉林美术出版社 2011.02 |
|
| 页数: | 371页 | |
| 开本: | 30cm | |
| 丛书名: | ||
| 单 册: | ||
| 中图分类: | J233(5) | |
| 科图分类: | ||
| 主题词: | 油画--作品集--西方国家 , 油画--风景画--作品集--西方国家 , 油画 , 风景画 | |
| 电子资源: | ||
| ISBN: | 978-7-5386-5172-0 | |
| 000 | 00990nam0 2200289 450 | |
| 001 | 004816057 | |
| 005 | 20140612094137.76 | |
| 010 | @a978-7-5386-5172-0@dCNY168.00 | |
| 100 | @a20110331d2011 em y0chiy50 ea | |
| 101 | 0 | @achi |
| 102 | @aCN@b220000 | |
| 105 | @aa z 000yy | |
| 106 | @ar | |
| 200 | 1 | @a西方美术史上的经典@9xi fang mei shu shi shang de jing dian@i风景@dWestern fine art history classic@iLandscape@f王兴吉,张奇典编著@zeng |
| 210 | @a长春@c吉林美术出版社@d2011.02 | |
| 215 | @a371页@c图@d30cm | |
| 330 | @a本书主要内容包括:圣杰罗姆在荒郊;雷根斯堡的多瑙河;欧里狄克之死;收获;雪地里的猎人等。 | |
| 510 | 1 | @aWestern fine art history classic@iLandscape@zeng |
| 606 | 0 | @a油画@x作品集@x西方国家 |
| 606 | 0 | @a油画@x风景画@x作品集@x西方国家 |
| 606 | 0 | @a油画 |
| 606 | 0 | @a风景画 |
| 690 | @aJ233(5)@v4 | |
| 701 | 0 | @a王兴吉@9wang xing ji@4编著 |
| 701 | 0 | @a张奇典@9zhang qi dian@4编著 |
| 801 | 0 | @aCN@bNLC@c20110331 |
| 905 | @b548932-34@dJ233(5)@e98@f3 | |
| 西方美术史上的经典.风景=Western fine art history classic.Landscape/王兴吉,张奇典编著.-长春:吉林美术出版社,2011.02 |
| 371页:图;30cm |
| ISBN 978-7-5386-5172-0:CNY168.00 |
| 本书主要内容包括:圣杰罗姆在荒郊;雷根斯堡的多瑙河;欧里狄克之死;收获;雪地里的猎人等。 |
| ● |
| 相关链接 |
|
|
|
|
正题名:西方美术史上的经典
索取号:J233(5)/98
 
预约/预借
| 序号 | 登录号 | 条形码 | 馆藏地/架位号 | 状态 | 备注 |
| 1 | 548932 | 205489327 | 第一样本阅览室/ [索取号:J233(5)/98] | 在馆 | |
| 2 | 548933 | 205489336 | 第一借阅区/ [索取号:J233(5)/98] | 在馆 | |
| 3 | 548934 | 205489345 | 第一借阅区/ [索取号:J233(5)/98] | 在馆 |